Atlas de parasitología humana / (Registro nro. 876)

Detalles MARC
000 -LEADER
fixed length control field 00885nam a2200253 a 4500
008 - CAMPO DE CONTROL (LIBRO)
fixed length control field 110706s2011 ag il. f |||| 001 0 spa d
020 ## - INTERNATIONAL STANDARD BOOK NUMBER
ISBN 9789500601283
041 ## - CODIGO DE IDIOMA
Código de idioma del texto/pista de sonido o título separado spa
092 ## - SIGNATURA TOPOGRAFICA DEWEY LOCAL
número de clasificación 616.96
libristica ASH
sección 4
100 1# - ENTRADA PRINCIPAL--NOMBRE PERSONAL
Nombre personal Ash, Lawrence R.
9 (RLIN) 125
245 ## - TITULO PROPIAMENTE DICHO
Título Atlas de parasitología humana /
Mención de responsabilidad y remanente de la transcripción de la portada Lawrence R. Ash
250 ## - MENCION DE EDICION
Mención de edición 5a ed. 1a reimp.
Mención de responsabilidad relacionada con la ed. Traducción Sandra Elizabeth y Silvia Cwi
260 ## - PIE DE IMPRENTA
Lugar de publicación, distribución, etc Buenos Aires:
Nombre de la editorial, distribuidor, etc Editorial Médica Panamericana;
Fecha de publicación 2011.
300 ## - DESCRIPCION FISICA
Extension 556 p.
Dimensiones 27x21 cm.
500 ## - NOTA GENERAL
Nota general Ash, L. R. y Orihel, T. C. (2011). Atlas de parasitología humana. (5a ed.). Buenos Aires : Editorial Médica Panamericana.
590 ## - NOTAS LOCALES (RLIN)
Nota local Compra FACIMED, Julio 2011
653 ## - TÉRMINO INDIZADO - PALABRAS CLAVES
Palabra clave Protozoos
653 ## - TÉRMINO INDIZADO - PALABRAS CLAVES
Palabra clave Helmintos
653 ## - TÉRMINO INDIZADO - PALABRAS CLAVES
Palabra clave Artrópodos
653 ## - TÉRMINO INDIZADO - PALABRAS CLAVES
Palabra clave Seudoparásitos y artefactos
653 ## - TÉRMINO INDIZADO - PALABRAS CLAVES
Palabra clave Procedimientos diagnósticos
700 1# - ENTRADAS SECUNDARIAS - NOMBRE PERSONAL
Nombre personal Orihel, Thomas C.
9 (RLIN) 126
942 ## - ADDED ENTRY ELEMENTS (KOHA)
Source of classification or shelving scheme Dewey Decimal Classification
Item type Libros
Existencias
Estado de retiro Existencia Fuente de clasificación Estado general No para prestamo Colección Ubicación permanente ubicación actual Sala de ubicación Fecha de adquisición Total Checkouts Número de clasificación Código de barras Date last seen Date last borrowed Número de ejemplar Price effective from Koha tipo de elemento (item) Public note Coded location qualifier Total Renewals Costo, precio normal de compra
    Dewey Decimal Classification     Reference Biblioteca Medicina Biblioteca Medicina Referencia 06/07/2011 6 618.96 6 ASH 2400 06/11/2014 05/07/2013 ej.1 06/07/2011 Reference LIBRO DE CONSULTA. Sede Tordos.      
    Dewey Decimal Classification       Biblioteca Medicina Biblioteca Medicina Circulación 06/07/2011 25 616.96 6 ASH 2401 22/02/2016 10/12/2015 ej.2 06/07/2011 Libros Sede Tordos.   3  
    Dewey Decimal Classification       Biblioteca Medicina Biblioteca Medicina Circulación 16/08/2013 5 618.96 6 ASH 3126 21/10/2025 14/10/2025 Ej.3 16/08/2013 Libros COMPRA PROMED, 2DO AÑO. AGOSTO 2013. Sede Tordos.   1 565.00
    Dewey Decimal Classification       Biblioteca Medicina Biblioteca Medicina Circulación 16/08/2013 11 618.96 6 ASH 3127 22/11/2023 11/09/2018 Ej.4 16/08/2013 Libros COMPRA PROMED, 2DO AÑO. AGOSTO 2013. Sede Tordos.     565.00
    Dewey Decimal Classification       Biblioteca Medicina Biblioteca Medicina Circulación 16/08/2013 14 618.96 6 ASH 3128 28/09/2018 26/09/2018 Ej.5 16/08/2013 Libros COMPRA PROMED, 2DO AÑO. AGOSTO 2013. Sede Tordos.     565.00
    Dewey Decimal Classification       Biblioteca Medicina Biblioteca Medicina Circulación 16/08/2013 8 618.96 6 ASH 3129 03/10/2018 01/10/2018 Ej.6 16/08/2013 Libros COMPRA PROMED, 2DO AÑO. AGOSTO 2013. Sede Tordos.     565.00

UNIVERSIDAD NACIONAL DEL COMAHUE
Biblioteca de la Facultad de Ciencias Médicas
Sede Toschi: Los Arrayanes y Av. Toschi, Cipolletti  - Rio Negro
Sede Los Tordos:  Yrigoyen al 2211, Cipolletti - Rio Negro 

Teléfono: 0299 - 4774707 int 25
Contacto: biblioteca@facimed.uncoma.edu.ar
© 2011 - 2026